| 000 | 00867cam a2200241 a 4500 | ||
|---|---|---|---|
| 001 | 000018579 | ||
| 005 | 20200929165827.0 | ||
| 008 | 770707s1962 sp 000 d spa d | ||
| 040 |
_aDO-SdBNP _cDLC _dDLC _dBNPHU |
||
| 082 |
_a862.3 _bC146co |
||
| 100 | 1 |
_aCalderón de la Barca, Pedro, _d1600-1681 _95547 |
|
| 245 | 1 | 0 |
_aComedias de capa y espada ; la dama duende ; no hay cosa como callar / _cCalderón de la Barca ; edición, prólogo y notas de Ángel Valbuena Briones. |
| 260 |
_aMadrid : _bEspase-Calpe, _c1962. |
||
| 300 |
_a223 p. ; _c19 cm. |
||
| 490 | 1 |
_aClásicos castellanos _v137 |
|
| 650 | 4 |
_aTeatro español _93071 |
|
| 650 | 4 |
_aLiteratura española _ySIGLO XVII _915578 |
|
| 700 | 1 |
_aValbuena Briones, Ángel, _eed. _940178 |
|
| 830 | 0 |
_aClásicos castellanos ; _v137 _94180 |
|
| 910 | _aCatalogación derivada / LC | ||
| 910 | _aWM | ||
| 049 | _aBNGR | ||
| 999 |
_c18099 _d18099 |
||